[Event "Olympiad Women-30"]
[Site "Manila"]
[Date "1992.06.20"]
[Round "11"]
[White "Nutu Gajic, Dana"]
[Black "Xie, Jun"]
[Result "0-1"]
[WhiteElo "2325"]
[BlackElo "2480"]
[PlyCount "92"]
[EventDate "1992.06.07"]
[EventType "team-swiss"]
[EventRounds "14"]
[EventCountry "PHI"]
[SourceTitle "EXT 2019"]
[Source "ChessBase"]
[SourceDate "2018.10.10"]
[SourceVersion "1"]
[SourceVersionDate "2018.10.10"]
[SourceQuality "1"]
[WhiteTeam "Romania (W)"]
[BlackTeam "China (W)"]
[WhiteTeamCountry "ROU"]
[BlackTeamCountry "CHN"]

1. d4 Nf6 2. c4 g6 3. Nc3 Bg7 4. e4 0-0 5. Nf3 d6 6. Be2 e5 7. Be3 c6 8. 0-0 Na6 9. dxe5 dxe5 10. Qxd8 Rxd8 11. Rfd1 Re8 12. Nd2 Ng4 13. Bxg4 Bxg4 14. f3 Be6 15. Na4 b6 16. a3 Rad8 17. Rac1 f5 18. b3 Rd3 19. Bg5 h6 20. Nb2 Rd7 21. Be3 Bf8 22. b4 Red8 23. exf5 gxf5 24. f4 Bg7 25. Rc2 e4 26. Kf2 c5 27. b5 Nc7 28. Rg1 h5 29. h3 h4 30. g3 hxg3+ 31. Rxg3 Kh7 32. Rg5 Bf6 33. h4 a6 34. bxa6 Ra8 35. Nb1 Rxa6 36. Bc1 Ne8 37. Rg1 Bd4+ 38. Be3 Nf6 39. Nd1 Ng4+ 40. Ke2 Ra4 41. Nd2 Nxe3 42. Nxe3 Bxe3 43. Kxe3 Rxa3+ 44. Ke2 Rh3 45. Rg2 Rd4 46. Rc1 Bf7 0-1

[Event "Olympiad Women-30"]
[Site "Manila"]
[Date "1992.06.12"]
[Round "5"]
[White "Nutu Gajic, Dana"]
[Black "Csonkics, Tunde"]
[Result "1/2-1/2"]
[WhiteElo "2325"]
[BlackElo "2345"]
[PlyCount "80"]
[EventDate "1992.06.07"]
[EventType "team-swiss"]
[EventRounds "14"]
[EventCountry "PHI"]
[SourceTitle "EXT 2019"]
[Source "ChessBase"]
[SourceDate "2018.10.10"]
[SourceVersion "1"]
[SourceVersionDate "2018.10.10"]
[SourceQuality "1"]
[WhiteTeam "Romania (W)"]
[BlackTeam "Hungary (W)"]
[WhiteTeamCountry "ROU"]
[BlackTeamCountry "HUN"]

1. Nf3 Nf6 2. c4 e6 3. g3 d5 4. Bg2 dxc4 5. 0-0 Nbd7 6. Qa4 a6 7. Qxc4 b5 8. Qc2 Bb7 9. b3 c5 10. Bb2 Be7 11. d3 0-0 12. Nbd2 Rc8 13. Rac1 Qb6 14. Ne5 Bxg2 15. Kxg2 Nxe5 16. Bxe5 Nd7 17. Bb2 Bf6 18. Nf3 Bxb2 19. Qxb2 Qb7 20. Kg1 Rc7 21. Rc2 Rfc8 22. Rfc1 h6 23. Qc3 Nb6 24. Qe5 Qd5 25. Qe3 Qd6 26. Nd2 Nd5 27. Qf3 Nb4 28. Ne4 Qd5 29. Rb2 f5 30. Nd2 Qd4 31. Rcb1 Qc3 32. Qe3 e5 33. Nf1 Rf7 34. Qd2 Nd5 35. Qxc3 Nxc3 36. Rc1 b4 37. Ne3 Rd8 38. Nd1 Nxd1 39. Rxd1 e4 40. Rc2 Rd5 1/2-1/2

[Event "Olympiad Women-30"]
[Site "Manila"]
[Date "1992.06.08"]
[Round "1"]
[White "Lindri, Juni Wijayanti"]
[Black "Nutu Gajic, Dana"]
[Result "0-1"]
[WhiteElo "2070"]
[BlackElo "2325"]
[PlyCount "56"]
[EventDate "1992.06.07"]
[EventType "team-swiss"]
[EventRounds "14"]
[EventCountry "PHI"]
[SourceTitle "EXT 2019"]
[Source "ChessBase"]
[SourceDate "2018.10.10"]
[SourceVersion "1"]
[SourceVersionDate "2018.10.10"]
[SourceQuality "1"]
[WhiteTeam "Indonesia (W)"]
[BlackTeam "Romania (W)"]
[WhiteTeamCountry "INA"]
[BlackTeamCountry "ROU"]

1. e4 c5 2. Nf3 d6 3. d4 Nf6 4. Nc3 cxd4 5. Nxd4 Nc6 6. Be2 e5 7. Nb3 Be7 8. 0-0 0-0 9. Be3 Be6 10. Bf3 a5 11. a4 Nb4 12. Nd5 Bxd5 13. exd5 e4 14. Be2 Nfxd5 15. Bd4 Nf4 16. Bb5 Bf6 17. Be3 Nbd5 18. c3 Be5 19. g3 Nxe3 20. fxe3 Ne6 21. Qd5 Ng5 22. Nd2 Qb6 23. Rae1 Kh8 24. Nxe4 Nxe4 25. Qxe4 g6 26. g4 Qc7 27. Rf3 Qe7 28. Ref1 Bxh2+ 0-1